|
|
|
|
| LEADER |
01231nam a2200253 a 4500 |
| 001 |
630928 |
| 008 |
921120s1992 ii 000 0 eng d |
| 010 |
|
|
|a 92906688
|
| 020 |
|
|
|a 8185107491 :
|c Rs90.00
|
| 040 |
|
|
|a DLC
|c DLC
|d DLC
|d BD-DhAAL
|
| 082 |
0 |
0 |
|a 305.42/09172/4
|2 20
|
| 245 |
0 |
4 |
|a The Power to change :
|b women in the Third World redefine their environment /
|c Women's Feature Service.
|
| 260 |
|
|
|a New Delhi :
|b Kali for Women,
|c 1992.
|
| 300 |
|
|
|a 223 p. ;
|c 23 cm.
|
| 520 |
|
|
|a On the social and economic condition of women in Latin America, Africa, and Asia; contributed articles.
|
| 541 |
1 |
|
|e 00007485
|
| 650 |
|
0 |
|a Women in development
|z Developing countries
|x Case studies.
|
| 650 |
|
0 |
|a Women
|z Developing countries
|x Social conditions.
|
| 710 |
2 |
|
|a Women's Feature Service (Project)
|
| 710 |
2 |
|
|a Kali for Women (Organization)
|
| 852 |
4 |
|
|a Ayesha Abed Library
|j General Shelf.
|
| 999 |
|
|
|c 6500
|d 6500
|
| 952 |
|
|
|0 0
|1 0
|2 ddc
|4 0
|6 305_420917240000000_POW_1992
|7 0
|9 6595
|a BRACUL
|b BRACUL
|c GEN
|d 2009-12-30
|g 125.00
|l 0
|o 305.42091724 POW
|p 3010007485
|r 2009-12-30
|t 1
|w 2009-12-30
|y BK
|
| 952 |
|
|
|0 0
|1 0
|2 ddc
|4 0
|6 305_420917240000000_POW
|7 0
|9 24362
|a SCL
|b SCL
|c GEN
|d 1999-04-11
|l 0
|o 305.42091724 POW
|p 3020001703
|r 2014-05-25
|t 2
|w 2014-05-25
|y BK
|